000 00995nas a2200361 4500
001 BR0003493
003 BR-BrBNA
005 20231205101941.0
007 ta
008 230509b bl.|||p| |||| 00| 00por d
040 _aBR-BrBNA
_bpor
_cBiblioteca Nacional de Agricultura
041 _a(Pt)
072 _aL10
100 1 _aMontagner, M.M.
100 1 _aGoncalves, P.B.D.
100 1 _aNeves, J.P.
100 1 _aCosta, L.F.S. da
100 1 _aBortolotto, E.B.
100 1 _aFarias, A.M.
100 1 _aStranieri, P.
245 1 _aHepes na producao de embrioes bovinos in vitro
650 _aBovino
650 _aEmbriao Animal
650 _aCultura in Vitro
650 _aPh
650 _aMaturacao
650 _aMeio de Cultura
650 _aGenetica Molecular
650 _aReproducao Animal
773 0 _tCiencia Rural (Brazil)
_xISSN 0103-8478
_g(May-Jun 2000), v. 30(3) p. 469-474
_wBR0003493
909 _a202311
_bLúcia
_c55
_dLúcia Elande
942 _2AGRIS
_n0
_cANA
999 _c164892
_d164892